| Tag |
First Indicator |
Second Indicator |
Subfields |
| LEADER |
00000cam a2200000 i 4500 |
| 001 |
in00000069529 |
| 005 |
20190207093451.0 |
| 008 |
800117s1978 txua b 00110deng |
| 010 |
|
|
|a 79127536
|
| 035 |
|
|
|a (OCoLC)05990577
|
| 035 |
|
|
|9 AAJ0792AM
|
| 040 |
|
|
|a DLC
|c DLC
|d m.c.
|d TXA
|d UtOrBLW
|
| 043 |
|
|
|a n-us-tx
|
| 049 |
|
|
|a TXAM
|c 2 [A09538243]
|a TXAS
|c 1 [1422186]
|
| 050 |
0 |
0 |
|a F392.B5
|b C83
|
| 082 |
0 |
|
|a 976.4/3506/0922
|
| 100 |
1 |
|
|a Cude, Elton R.
|
| 245 |
1 |
4 |
|a The wild and free Dukedom of Bexar /
|c by Elton R. Cude.
|
| 250 |
|
|
|a 1st ed.
|
| 264 |
|
1 |
|a San Antonio, Tex. :
|b Munguia Printers,
|c 1978.
|
| 300 |
|
|
|a 343 pages, 24 unnumbered pages :
|b illustrations ;
|c 22 cm.
|
| 336 |
|
|
|a text
|b txt
|2 rdacontent
|
| 337 |
|
|
|a unmediated
|b n
|2 rdamedia
|
| 338 |
|
|
|a volume
|b nc
|2 rdacarrier
|
| 500 |
|
|
|a The Cushing Library/Chapman Texas Collection copy is part of the Floyd & Louise Chapman Texas & Borderlands Collection.
|5 TXA
|
| 500 |
|
|
|a Cover title: The free and wild Dukedom of Bexar.
|
| 500 |
|
|
|a Includes index.
|
| 504 |
|
|
|a Bibliography: pages [375]-[377].
|
| 500 |
|
|
|a The Cushing Library/Texas & Borderlands copy is inscribed by the author and is copy number 305.
|
| 500 |
|
|
|a The Cushing Library/Kelsey Americana copy is inscribed by the author and is copy number 194.
|
| 650 |
|
0 |
|a Crime
|z Texas
|z Bexar County.
|
| 651 |
|
0 |
|a Bexar County (Tex.)
|x History.
|
| 651 |
|
0 |
|a Bexar County (Tex.)
|x Biography.
|
| 650 |
|
0 |
|a Criminals
|z Texas
|z Bexar County.
|
| 740 |
0 |
|
|a Free and wild Dukedom of Bexar.
|
| 999 |
|
|
|a MARS
|
| 999 |
f |
f |
|s 57aa2c0a-5297-33cb-a304-190a19ef3ab1
|i 8a02d4ac-ad1a-3124-a35d-a9c33c233483
|t 0
|
| 952 |
f |
f |
|p noncirc
|a Texas A&M University
|b College Station
|c Cushing Memorial Library & Archives
|d Cushing: Chapman Texas Collection (Does not check out)
|t 0
|e F392.B5 C83
|h Library of Congress classification
|i unmediated -- volume
|m A14806065681
|
| 952 |
f |
f |
|p noncirc
|a Texas A&M University
|b College Station
|c Cushing Memorial Library & Archives
|d Cushing: Kelsey Americana (Does not check out)
|t 0
|e F392.B5 C83
|h Library of Congress classification
|i unmediated -- volume
|
| 952 |
f |
f |
|p normal
|a Texas A&M University
|b College Station
|c Sterling C. Evans Library
|d Evans: Library Stacks
|t 0
|e F392.B5 C83
|h Library of Congress classification
|i unmediated -- volume
|m A14809538243
|
| 998 |
f |
f |
|a F392.B5 C83
|t 0
|l Evans: Library Stacks
|
| 998 |
f |
f |
|a F392.B5 C83
|t 0
|l Cushing: Kelsey Americana (Does not check out)
|
| 998 |
f |
f |
|a F392.B5 C83
|t 0
|l Cushing: Chapman Texas Collection (Does not check out)
|